[Event "DVM U16 2024"]
[Site "Sebnitz GER"]
[Date "2024.12.28"]
[Round "4"]
[White "Malinowsky, Levi"]
[Black "Trunz, Michelle"]
[Result "0-1"]
[Termination "normal"]
[Board "2.1"]
[WhiteTitle "CM"]
[WhiteElo "2190"]
[BlackElo "2115"]
[WhiteTeam "Lübecker SV 1873"]
[BlackTeam "SG Porz"]
[PlyCount "116"]
[WhiteFideId "16253094"]
[BlackFideId "16227980"]
[EventCountry "GER"]
[EventRounds "7"]
[EventType "team-swiss"]
[EventDate "2024.12.26"]

1. e4 c5 2. Nf3 d6 3. d4 cxd4 4. Nxd4 Nf6 5. Nc3 a6 6. Bc4 e6 7. Bb3 Nbd7 8.
Be3 Nc5 9. f3 Qc7 10. Qe2 b5 11. a3 g6 12. Ba2 Rb8 13. O-O-O b4 14. axb4 Rxb4
15. h4 h5 16. Qd2 Rb8 17. e5 Nfd7 18. exd6 Qxd6 19. Bf4 Nd3+ 20. cxd3 Qxd4 21.
Bxb8 Nxb8 22. Kb1 Bh6 23. Qe2 O-O 24. Qe4 Qd6 25. g4 Nd7 26. Qe2 hxg4 27. fxg4
Bb7 28. Ne4 Qd4 29. g5 Bg7 30. h5 Rb8 31. Rd2 Nc5 32. Ka1 Nxd3 33. Qxd3 Qxd3
34. Nf6+ Bxf6 35. Rxd3 Bxb2+ 36. Kxb2 Bxh1+ 37. Kc3 gxh5 38. Rh3 Be4 39. Rxh5
Kg7 40. Bc4 a5 41. g6 Kxg6 42. Rxa5 Rd8 43. Re5 Bf5 44. Re1 Kf6 45. Re2 Rd1 46.
Rf2 Ke5 47. Bb3 Rd3+ 48. Kc4 Rg3 49. Bd1 Bd3+ 50. Kc5 f5 51. Bb3 Be4 52. Ba2
Rc3+ 53. Kb4 Rc2 54. Rxc2 Bxc2 55. Kc3 Be4 56. Kd2 Bd5 57. Bb1 Kd4 58. Ke2 f4
0-1

[Event "DVM U16 2024"]
[Site "Sebnitz GER"]
[Date "2024.12.28"]
[Round "4"]
[White "Holzwarth, Felix"]
[Black "Sommer, Justus"]
[Result "1-0"]
[Termination "normal"]
[Board "2.2"]
[WhiteElo "1954"]
[BlackElo "2128"]
[WhiteTeam "SG Porz"]
[BlackTeam "Lübecker SV 1873"]
[PlyCount "105"]
[WhiteFideId "34621377"]
[BlackFideId "16245008"]
[EventCountry "GER"]
[EventRounds "7"]
[EventType "team-swiss"]
[EventDate "2024.12.26"]

1. e4 e5 2. Nf3 Nc6 3. Bc4 Bc5 4. c3 Nf6 5. d4 exd4 6. b4 Bb6 7. e5 d5 8. exf6
dxc4 9. Qe2+ Be6 10. b5 d3 11. Qe4 Nb4 12. O-O Qd5 13. fxg7 Rg8 14. Qxh7 O-O-O
15. Bg5 Bf5 16. Qh4 Nc2 17. Bxd8 Qxd8 18. Nbd2 Nxa1 19. Rxa1 Qxh4 20. Nxh4 Be6
21. a4 Ba5 22. Rc1 Rxg7 23. Nhf3 Bd5 24. g3 f6 25. Nd4 Kd7 26. Nf5 Rg5 27. Ne3
Bb6 28. Nexc4 Bc5 29. Ne3 Kd6 30. c4 Bb4 31. Nxd5 Bxd2 32. Rd1 Ba5 33. Nxf6 Rf5
34. Rxd3+ Kc5 35. Rd5+ Rxd5 36. cxd5 Kb4 37. g4 Kxa4 38. g5 Bc3 39. h4 Kxb5 40.
h5 a5 41. h6 a4 42. h7 a3 43. h8=Q a2 44. Qe8+ Kb4 45. Qe7+ Ka4 46. Qd7+ b5 47.
Qxc7 a1=Q+ 48. Kg2 Kb3 49. Ne4 b4 50. d6 Qd1 51. d7 Qd5 52. f3 Qd3 53. Nc5+ 1-0

[Event "DVM U16 2024"]
[Site "Sebnitz GER"]
[Date "2024.12.28"]
[Round "4"]
[White "Engels, Ruben"]
[Black "Trunz, Tamila"]
[Result "0-1"]
[Termination "normal"]
[Board "2.3"]
[WhiteElo "1902"]
[BlackElo "1940"]
[WhiteTeam "Lübecker SV 1873"]
[BlackTeam "SG Porz"]
[PlyCount "74"]
[WhiteFideId "34612939"]
[BlackFideId "16267885"]
[EventCountry "GER"]
[EventRounds "7"]
[EventType "team-swiss"]
[EventDate "2024.12.26"]

1. d4 Nf6 2. c4 g6 3. f3 Bg7 4. e4 d6 5. Nc3 O-O 6. Nge2 a6 7. Be3 Nbd7 8. Qd2
b5 9. cxb5 axb5 10. Nxb5 c6 11. Na3 e5 12. Nc3 d5 13. exd5 Nxd5 14. Nxd5 cxd5
15. Nc2 Re8 16. Kf2 exd4 17. Bxd4 Ne5 18. Bb5 Bd7 19. Bxd7 Qxd7 20. b3 Qf5 21.
Rhd1 Rac8 22. Rac1 Bh6 23. Ne3 Ng4+ 24. Nxg4 Bxd2 25. Rxd2 Qf4 26. Nf6+ Kf8 27.
Nxh7+ Ke7 28. Bf6+ Kd6 29. Rcd1 Rc5 30. Bg5 Qf5 31. g4 Qe5 32. Kg2 Re6 33. b4
Rb5 34. a4 Rxb4 35. h4 Rb2 36. a5 Kc7 37. a6 Rxa6 0-1

[Event "DVM U16 2024"]
[Site "Sebnitz GER"]
[Date "2024.12.28"]
[Round "4"]
[White "Aravindan, Midhulan"]
[Black "Hellenbroich, Hanno"]
[Result "1-0"]
[Termination "normal"]
[Board "2.4"]
[WhiteElo "1887"]
[BlackElo "1771"]
[WhiteTeam "SG Porz"]
[BlackTeam "Lübecker SV 1873"]
[PlyCount "55"]
[WhiteFideId "16237250"]
[BlackFideId "16270762"]
[EventCountry "GER"]
[EventRounds "7"]
[EventType "team-swiss"]
[EventDate "2024.12.26"]

1. e4 c5 2. c3 d5 3. exd5 Qxd5 4. d4 Nf6 5. Nf3 Bg4 6. Nbd2 Nc6 7. Bc4 Qd6 8.
Qb3 e6 9. Qxb7 Rb8 10. Qa6 cxd4 11. Bb5 Bxf3 12. Nxf3 Rb6 13. Qc8+ Ke7 14. Bxc6
Rxc6 15. Qb7+ Rc7 16. Qb3 dxc3 17. bxc3 Qd5 18. O-O Rb7 19. Qc2 Rd7 20. Rb1 Ne8
21. Be3 f6 22. Qa4 Nd6 23. Rfd1 Qe4 24. Rb4 Qa8 25. Bc5 Kd8 26. Nd4 Nb5 27.
Qxb5 Bxc5 28. Nxe6+ 1-0

[Event "DVM U16 2024"]
[Site "Sebnitz GER"]
[Date "2024.12.28"]
[Round "4"]
[White "Fruth, David"]
[Black "Torosyan, Bagrat"]
[Result "1/2-1/2"]
[Termination "normal"]
[Board "3.1"]
[WhiteElo "2132"]
[BlackElo "2153"]
[WhiteTeam "USV TU Dresden"]
[BlackTeam "TSG Oberschöneweide"]
[PlyCount "86"]
[WhiteFideId "16257596"]
[BlackFideId "16258134"]
[EventCountry "GER"]
[EventRounds "7"]
[EventType "team-swiss"]
[EventDate "2024.12.26"]

1. e4 e5 2. Nf3 Nc6 3. Bb5 a6 4. Ba4 Nf6 5. O-O Nxe4 6. d4 b5 7. Bb3 d5 8. dxe5
Be6 9. Nbd2 Nc5 10. c3 d4 11. Bxe6 Nxe6 12. cxd4 Ncxd4 13. a4 Bb4 14. axb5 Nxb5
15. Ne4 O-O 16. Bg5 Nxg5 17. Nfxg5 Qxd1 18. Rfxd1 h6 19. Nf3 Rfd8 20. h3 a5 21.
Rac1 a4 22. Rxd8+ Rxd8 23. Rc4 a3 24. bxa3 Bxa3 25. Nc3 Rb8 26. Nxb5 Rxb5 27.
Rxc7 Bb2 28. Rc8+ Kh7 29. Re8 Ra5 30. e6 fxe6 31. Rxe6 Bc3 32. h4 Bb4 33. g4
Bc5 34. g5 g6 35. Rc6 hxg5 36. Nxg5+ Kh6 37. Kg2 Kh5 38. Ne6 Bxf2 39. Nf4+ Kxh4
40. Nxg6+ Kg5 41. Kxf2 Rf5+ 42. Ke3 Rf6 43. Rxf6 Kxf6 1/2-1/2

[Event "DVM U16 2024"]
[Site "Sebnitz GER"]
[Date "2024.12.28"]
[Round "4"]
[White "Ruddat, Jarne"]
[Black "Marynychenko, Yehor"]
[Result "0-1"]
[Termination "normal"]
[Board "3.2"]
[WhiteElo "1970"]
[BlackElo "2063"]
[WhiteTeam "TSG Oberschöneweide"]
[BlackTeam "USV TU Dresden"]
[PlyCount "62"]
[WhiteFideId "16254236"]
[BlackFideId "34160558"]
[EventCountry "GER"]
[EventRounds "7"]
[EventType "team-swiss"]
[EventDate "2024.12.26"]

1. e4 c5 2. Nf3 Nc6 3. Bb5 g6 4. Bxc6 dxc6 5. h3 Bg7 6. d3 e5 7. Be3 b6 8. a4
a5 9. Nbd2 Ne7 10. Nc4 Qc7 11. Qd2 O-O 12. Bh6 f6 13. O-O Be6 14. b3 Rad8 15.
Bxg7 Kxg7 16. Qe3 g5 17. g4 Ng6 18. Ne1 h5 19. Qf3 hxg4 20. hxg4 Rh8 21. Ng2
Rh7 22. Qd1 Rdh8 23. f3 Nf4 24. Nge3 Rh1+ 25. Kf2 R8h2+ 26. Ke1 Bxc4 27. bxc4
Ng2+ 28. Kd2 Nxe3+ 29. Kxe3 Qd7 30. c3 Qd4+ 31. cxd4 cxd4# 0-1

[Event "DVM U16 2024"]
[Site "Sebnitz GER"]
[Date "2024.12.28"]
[Round "4"]
[White "Ellinger, Maximilian"]
[Black "Bongardt, Livius"]
[Result "1/2-1/2"]
[Termination "normal"]
[Board "3.3"]
[WhiteElo "1996"]
[BlackElo "1975"]
[WhiteTeam "USV TU Dresden"]
[BlackTeam "TSG Oberschöneweide"]
[PlyCount "69"]
[WhiteFideId "34631003"]
[BlackFideId "16265718"]
[EventCountry "GER"]
[EventRounds "7"]
[EventType "team-swiss"]
[EventDate "2024.12.26"]

1. e4 e5 2. Nf3 Nc6 3. Bb5 a6 4. Ba4 Nf6 5. O-O Be7 6. Re1 b5 7. Bb3 d6 8. c3
O-O 9. d3 Na5 10. Bc2 c5 11. Nbd2 Nc6 12. Nf1 Re8 13. a4 Rb8 14. axb5 axb5 15.
d4 cxd4 16. cxd4 Bg4 17. dxe5 dxe5 18. Qxd8 Rexd8 19. N1d2 Bb4 20. Re3 Rbc8 21.
Rd3 Nd4 22. Nxd4 Rxd4 23. Rxd4 exd4 24. Bd3 Rxc1+ 25. Rxc1 Bxd2 26. Rc2 Bb4 27.
Bxb5 Nxe4 28. f3 Nd6 29. fxg4 Nxb5 30. Rc8+ Bf8 31. Rd8 Nd6 32. Kf2 Ne4+ 33.
Ke2 Nc5 34. Rxd4 Ne6 35. Ra4 1/2-1/2

[Event "DVM U16 2024"]
[Site "Sebnitz GER"]
[Date "2024.12.28"]
[Round "4"]
[White "Sundui, Chinguun"]
[Black "Sato, Kai Nathan"]
[Result "1-0"]
[Termination "normal"]
[Board "3.4"]
[WhiteElo "1945"]
[BlackElo "1679"]
[WhiteTeam "TSG Oberschöneweide"]
[BlackTeam "USV TU Dresden"]
[PlyCount "63"]
[WhiteFideId "4907930"]
[BlackFideId "34605630"]
[EventCountry "GER"]
[EventRounds "7"]
[EventType "team-swiss"]
[EventDate "2024.12.26"]

1. d4 d5 2. Nf3 e6 3. Bg5 Nf6 4. e3 c6 5. Nbd2 Be7 6. Bd3 Nbd7 7. O-O O-O 8. c3
b6 9. Ne5 Nxe5 10. dxe5 Nd7 11. Bxe7 Qxe7 12. f4 f6 13. exf6 Qxf6 14. e4 Nc5
15. Bc2 Ba6 16. Rf3 Rad8 17. e5 Qe7 18. b4 Ne4 19. Qe1 Nxd2 20. Qxd2 c5 21. a3
d4 22. Be4 dxc3 23. Qxc3 Rd4 24. Re1 Rc4 25. Qd3 Rd8 26. Bxh7+ Kf8 27. Qg6 Qf7
28. Qg5 Qe7 29. Qh5 g6 30. Bxg6 Qg7 31. f5 Rdd4 32. f6 1-0

[Event "DVM U16 2024"]
[Site "Sebnitz GER"]
[Date "2024.12.28"]
[Round "4"]
[White "Nunez Grégoire, Daniel"]
[Black "Zhang, Yibo"]
[Result "1-0"]
[Termination "normal"]
[Board "4.1"]
[WhiteElo "2041"]
[BlackElo "1982"]
[WhiteTeam "Stuttgarter SF 1879"]
[BlackTeam "SV Stuttgart-Wolfbusch 1956"]
[PlyCount "125"]
[WhiteFideId "34627103"]
[BlackFideId "16287657"]
[EventCountry "GER"]
[EventRounds "7"]
[EventType "team-swiss"]
[EventDate "2024.12.26"]

1. d4 d5 2. c4 e6 3. Nf3 c6 4. e3 Bd6 5. b3 f5 6. Bd3 Nf6 7. O-O Qe7 8. a4 a5
9. Ba3 Bxa3 10. Rxa3 O-O 11. Ra2 Ne4 12. Ne5 Nd7 13. f4 Ndf6 14. c5 Bd7 15. Rc2
Rfc8 16. Nd2 b6 17. cxb6 Qb4 18. Bxe4 fxe4 19. Rc5 Qxb6 20. Qc2 Rc7 21. Rc1 Ra6
22. g4 Be8 23. h3 Qb4 24. Qd1 Qb7 25. Qe1 Nd7 26. Nxd7 Rxd7 27. Qh4 Qc7 28. Kg2
Qd8 29. Qxd8 Rxd8 30. Kf2 Kf8 31. h4 Ke7 32. h5 Bd7 33. g5 Rg8 34. Rh1 h6 35.
g6 Rb8 36. Ke2 Kd6 37. Kd1 Be8 38. Kc2 Rb7 39. Rb1 Bd7 40. Nf1 Be8 41. Nh2 Rba7
42. Ng4 Ra8 43. Ne5 Rb8 44. Rf1 Rab6 45. Rc3 R6b7 46. f5 c5 47. f6 gxf6 48.
Rxf6 c4 49. Rf1 Rxb3 50. Rxb3 Bxa4 51. g7 Bxb3+ 52. Kc3 Rg8 53. Rf7 Ba4 54. Ng6
Be8 55. Rf8 Rxg7 56. Rxe8 Rb7 57. Nf4 Re7 58. Ra8 e5 59. Ra6+ Kd7 60. Ra7+ Kd6
61. Rxe7 exd4+ 62. Kxd4 Kxe7 63. Nxd5+ 1-0

[Event "DVM U16 2024"]
[Site "Sebnitz GER"]
[Date "2024.12.28"]
[Round "4"]
[White "Farin, Kai"]
[Black "Gotfried, Elias"]
[Result "0-1"]
[Termination "normal"]
[Board "4.2"]
[WhiteElo "1727"]
[BlackElo "1968"]
[WhiteTeam "SV Stuttgart-Wolfbusch 1956"]
[BlackTeam "Stuttgarter SF 1879"]
[PlyCount "40"]
[WhiteFideId "34628312"]
[BlackFideId "34630171"]
[EventCountry "GER"]
[EventRounds "7"]
[EventType "team-swiss"]
[EventDate "2024.12.26"]

1. e4 e6 2. b3 Nf6 3. Qe2 Nc6 4. e5 Nd5 5. Nc3 Nd4 6. Qe4 Nb4 7. Bd3 c5 8. Nce2
d5 9. exd6 f5 10. Nxd4 fxe4 11. Bb5+ Kf7 12. a3 cxd4 13. axb4 Bxd6 14. f3 Rf8
15. fxe4 Qh4+ 16. Kd1 Kg8 17. Nf3 Qxe4 18. d3 Qg4 19. Rf1 Qxg2 20. Ne5 Rxf1#
0-1

[Event "DVM U16 2024"]
[Site "Sebnitz GER"]
[Date "2024.12.28"]
[Round "4"]
[White "Goldinov, Daniel"]
[Black "Friedrich, Timofej"]
[Result "1-0"]
[Termination "normal"]
[Board "4.3"]
[WhiteElo "1925"]
[BlackElo "1698"]
[WhiteTeam "Stuttgarter SF 1879"]
[BlackTeam "SV Stuttgart-Wolfbusch 1956"]
[PlyCount "83"]
[WhiteFideId "34605649"]
[BlackFideId "34617191"]
[EventCountry "GER"]
[EventRounds "7"]
[EventType "team-swiss"]
[EventDate "2024.12.26"]

1. c4 e5 2. Nc3 Nf6 3. g3 d6 4. Bg2 g6 5. e4 c5 6. Nge2 Bg7 7. O-O Nc6 8. d3
O-O 9. a3 a6 10. Rb1 Rb8 11. b4 cxb4 12. axb4 b5 13. cxb5 axb5 14. h3 Nh5 15.
Be3 Be6 16. f4 exf4 17. gxf4 Bxc3 18. Nxc3 Ng7 19. d4 Bc4 20. Rf2 Ne7 21. d5
Qd7 22. Qd4 Rfd8 23. Rd1 f5 24. e5 Nc8 25. Bc1 Nb6 26. Bb2 dxe5 27. fxe5 Ne6
28. Qh4 Ng7 29. Bc1 Bb3 30. Rd3 Rdc8 31. Be3 Rc4 32. Qf6 Rc6 33. dxc6 Qxd3 34.
Bxb6 Rf8 35. Qd6 Qxc3 36. c7 Be6 37. Bc5 Re8 38. Kh2 Qc4 39. Bc6 Rc8 40. Qd8+
Ne8 41. Bxe8 Rxd8 42. cxd8=Q 1-0

[Event "DVM U16 2024"]
[Site "Sebnitz GER"]
[Date "2024.12.28"]
[Round "4"]
[White "Schimann, Kirill"]
[Black "Babaian, Bagrat"]
[Result "1/2-1/2"]
[Termination "normal"]
[Board "4.4"]
[WhiteElo "1692"]
[BlackElo "1763"]
[WhiteTeam "SV Stuttgart-Wolfbusch 1956"]
[BlackTeam "Stuttgarter SF 1879"]
[PlyCount "83"]
[WhiteFideId "16296338"]
[BlackFideId "34107428"]
[EventCountry "GER"]
[EventRounds "7"]
[EventType "team-swiss"]
[EventDate "2024.12.26"]

1. d4 Nf6 2. Bf4 c5 3. c3 g6 4. e3 Bg7 5. Nf3 O-O 6. Be2 d5 7. Nbd2 Nc6 8. O-O
Re8 9. h3 Bf5 10. Ne5 Nd7 11. Nxd7 Qxd7 12. Nf3 e5 13. dxe5 Nxe5 14. Nxe5 Bxe5
15. Bxe5 Rxe5 16. Bg4 Bxg4 17. Qxg4 Qxg4 18. hxg4 Re4 19. Rfd1 Rd8 20. Rd3 Rxg4
21. Rad1 Ra4 22. a3 d4 23. exd4 cxd4 24. Rxd4 Raxd4 25. cxd4 f5 26. Kf1 Re8 27.
Re1 Rxe1+ 28. Kxe1 Kf7 29. Kd2 Ke6 30. b3 Kd5 31. Ke3 g5 32. g3 b5 33. f3 h5
34. f4 g4 35. Kd3 a6 36. b4 Kd6 37. Ke3 Ke6 38. Ke2 Kd5 39. Kd3 Kc6 40. Ke3 Kd5
41. Kd3 Kd6 42. Ke3 1/2-1/2

[Event "DVM U16 2024"]
[Site "Sebnitz GER"]
[Date "2024.12.28"]
[Round "4"]
[White "Korchynskyi, Mykola"]
[Black "Geist, Tim"]
[Result "1/2-1/2"]
[Termination "normal"]
[Board "5.1"]
[WhiteTitle "FM"]
[WhiteElo "2284"]
[BlackElo "2011"]
[WhiteTeam "SF Essen-Katernberg 04/32"]
[BlackTeam "SV Isental"]
[PlyCount "119"]
[WhiteFideId "34138005"]
[BlackFideId "34604324"]
[EventCountry "GER"]
[EventRounds "7"]
[EventType "team-swiss"]
[EventDate "2024.12.26"]

1. d4 d5 2. c4 e6 3. Nc3 c5 4. cxd5 exd5 5. Nf3 Nf6 6. Bg5 Be6 7. Bxf6 Qxf6 8.
e4 dxe4 9. Nxe4 Qf4 10. Bb5+ Nc6 11. Qe2 Be7 12. O-O O-O 13. Nxc5 Nxd4 14. Nxd4
Bxc5 15. Nxe6 fxe6 16. Qxe6+ Kh8 17. Qe2 a6 18. g3 Qf6 19. Bd3 Rae8 20. Qc2 Rc8
21. Be4 Qb6 22. Qe2 Rce8 23. Kg2 Bxf2 24. Rxf2 Qxf2+ 25. Qxf2 Rxf2+ 26. Kxf2
Rxe4 27. Re1 Rxe1 28. Kxe1 Kg8 29. Ke2 Kf7 30. Ke3 Kf6 31. Kd4 Ke6 32. Kc5 Kd7
33. Kd5 g6 34. Ke5 Ke7 35. a3 h6 36. g4 a5 37. a4 Kf7 38. Kd6 Kf6 39. Kc7 Kg5
40. Kxb7 Kxg4 41. Kb6 Kh3 42. Kxa5 g5 43. b4 g4 44. b5 Kxh2 45. b6 h5 46. b7 h4
47. b8=Q+ g3 48. Qb2+ g2 49. Qe5+ Kh3 50. Qe3+ Kh2 51. Qf4+ Kh3 52. Qf3+ Kh2
53. Qf2 h3 54. Kb4 Kh1 55. Qf3 Kh2 56. Qf4+ Kh1 57. Qg4 Kh2 58. Qf4+ Kh1 59.
Qg3 h2 60. Qf3 1/2-1/2

[Event "DVM U16 2024"]
[Site "Sebnitz GER"]
[Date "2024.12.28"]
[Round "4"]
[White "Navarro Jahnke, Leo"]
[Black "Goldkuhle, Collin"]
[Result "1-0"]
[Termination "normal"]
[Board "5.2"]
[WhiteElo "2001"]
[BlackElo "1970"]
[WhiteTeam "SV Isental"]
[BlackTeam "SF Essen-Katernberg 04/32"]
[PlyCount "143"]
[WhiteFideId "16234146"]
[BlackFideId "16271106"]
[EventCountry "GER"]
[EventRounds "7"]
[EventType "team-swiss"]
[EventDate "2024.12.26"]

1. d4 Nf6 2. Nf3 d5 3. e3 e6 4. Bd3 Bd6 5. Nbd2 O-O 6. O-O b6 7. e4 dxe4 8.
Nxe4 Nbd7 9. Nxd6 cxd6 10. Re1 Bb7 11. Bf4 Qe7 12. Qe2 Rfe8 13. Rad1 Qf8 14. c3
Rac8 15. Ba6 Bxa6 16. Qxa6 Rc7 17. Qa3 e5 18. dxe5 dxe5 19. Qxf8+ Kxf8 20. Nxe5
Nxe5 21. Bxe5 Rc6 22. Bxf6 Rxe1+ 23. Rxe1 Rxf6 24. f3 Rd6 25. Kf2 h6 26. Re2
Rd1 27. c4 a5 28. b3 Rb1 29. Ke3 Ke7 30. Rd2 Re1+ 31. Kf2 Ra1 32. Ke2 g6 33. f4
h5 34. Kf3 Rf1+ 35. Ke4 Ke6 36. g3 Re1+ 37. Kd3 Kd6 38. Kc3+ Kc7 39. b4 Re3+
40. Kd4 Re7 41. bxa5 bxa5 42. Kc5 Re3 43. Kb5 Ra3 44. Re2 f5 45. c5 h4 46. c6
hxg3 47. Re7+ Kd6 48. Rd7+ Ke6 49. hxg3 Rxa2 50. Rd4 Rb2+ 51. Kxa5 Rc2 52. Kb6
Rb2+ 53. Kc7 Rb3 54. Kd8 Rb8+ 55. Kc7 Rb3 56. Kc8 Rxg3 57. c7 Rc3 58. Kd8 g5
59. fxg5 Ke5 60. c8=Q Rxc8+ 61. Kxc8 Kxd4 62. g6 f4 63. g7 f3 64. g8=Q f2 65.
Qg2 Ke3 66. Qf1 Kf3 67. Kd7 Kg3 68. Ke6 Kf3 69. Kf5 Kg3 70. Ke4 Kh2 71. Qxf2+
Kh3 72. Qg1 1-0

[Event "DVM U16 2024"]
[Site "Sebnitz GER"]
[Date "2024.12.28"]
[Round "4"]
[White "Berresheim, Nils"]
[Black "Geist, Denis"]
[Result "1-0"]
[Termination "normal"]
[Board "5.3"]
[WhiteElo "1893"]
[BlackElo "1935"]
[WhiteTeam "SF Essen-Katernberg 04/32"]
[BlackTeam "SV Isental"]
[PlyCount "57"]
[WhiteFideId "16246306"]
[BlackFideId "34605100"]
[EventCountry "GER"]
[EventRounds "7"]
[EventType "team-swiss"]
[EventDate "2024.12.26"]

1. d4 d5 2. c4 e6 3. Nc3 c5 4. cxd5 exd5 5. Nf3 Nf6 6. Bg5 Be6 7. e3 c4 8. Be2
Bb4 9. O-O Nbd7 10. Ne5 O-O 11. f4 Bxc3 12. bxc3 Bf5 13. Bf3 Qe8 14. Qe1 Ne4
15. g4 Nxe5 16. dxe5 Bd7 17. Bxe4 dxe4 18. Qh4 Qe6 19. h3 Ba4 20. f5 Qxe5 21.
f6 Rfd8 22. Rf5 Qxc3 23. Raf1 Rd2 24. Bf4 Rad8 25. Qg5 Kf8 26. Qxg7+ Ke8 27.
Qg8+ Kd7 28. Qxf7+ Kc6 29. Qc7# 1-0

[Event "DVM U16 2024"]
[Site "Sebnitz GER"]
[Date "2024.12.28"]
[Round "4"]
[White "Ruhland, Nico"]
[Black "Klaus, Daniel"]
[Result "0-1"]
[Termination "normal"]
[Board "5.4"]
[WhiteElo "1618"]
[BlackElo "1717"]
[WhiteTeam "SV Isental"]
[BlackTeam "SF Essen-Katernberg 04/32"]
[PlyCount "56"]
[WhiteFideId "34646345"]
[BlackFideId "16286286"]
[EventCountry "GER"]
[EventRounds "7"]
[EventType "team-swiss"]
[EventDate "2024.12.26"]

1. e4 e6 2. d4 d5 3. exd5 exd5 4. Nf3 Nc6 5. Be3 Bd6 6. Be2 Bf5 7. c3 Nge7 8.
O-O Qd7 9. Nbd2 O-O 10. Re1 Ng6 11. Nf1 Nf4 12. Bxf4 Bxf4 13. Bd3 Rfe8 14. Bxf5
Qxf5 15. Ne3 Bxe3 16. Rxe3 Rxe3 17. fxe3 Qe4 18. Qd2 Re8 19. Re1 f6 20. h3 Ne7
21. Kf2 Nf5 22. g4 Nd6 23. Qe2 Qe6 24. Nd2 f5 25. g5 Qg6 26. Qf3 c6 27. Rg1 f4
28. exf4 Qc2 0-1

[Event "DVM U16 2024"]
[Site "Sebnitz GER"]
[Date "2024.12.28"]
[Round "4"]
[White "Polzin, Gustav"]
[Black "Melestean, Timur"]
[Result "0-1"]
[Termination "normal"]
[Board "6.1"]
[WhiteElo "2018"]
[BlackElo "2157"]
[WhiteTeam "USV Halle"]
[BlackTeam "SK König Plauen"]
[PlyCount "86"]
[WhiteFideId "34603280"]
[BlackFideId "16280385"]
[EventCountry "GER"]
[EventRounds "7"]
[EventType "team-swiss"]
[EventDate "2024.12.26"]

1. e4 e5 2. Nf3 Nc6 3. Bc4 Bc5 4. c3 Nf6 5. d4 exd4 6. e5 d5 7. Bb5 Ne4 8. cxd4
Bb6 9. Nc3 O-O 10. Be3 Bg4 11. h3 Bh5 12. Qc2 Bg6 13. Qb3 Ne7 14. O-O c6 15.
Bd3 Nd2 16. Nxd2 Bxd3 17. Rfe1 Bg6 18. Nf3 Nf5 19. Bg5 Nxd4 20. Nxd4 Qxg5 21.
Nf3 Qf5 22. a4 Bh5 23. a5 Bxf3 24. axb6 Qg5 25. g3 axb6 26. Na4 b5 27. Nc5 Rxa1
28. Rxa1 Be4 29. f4 Qh6 30. Kh2 Bf5 31. h4 b6 32. Nb7 Qh5 33. Re1 Qg4 34. Nd6
Qh3+ 35. Kg1 Be6 36. Qf3 Bf5 37. Qg2 Qg4 38. Kf2 Ra8 39. Qf3 Ra2 40. Qc3 Ra4
41. Rc1 Rd4 42. Nxf5 Rd2+ 43. Kg1 Qe2 0-1

[Event "DVM U16 2024"]
[Site "Sebnitz GER"]
[Date "2024.12.28"]
[Round "4"]
[White "Melestean, Maxim"]
[Black "Patzschke, Carlo"]
[Result "1-0"]
[Termination "normal"]
[Board "6.2"]
[WhiteElo "1962"]
[BlackElo "1847"]
[WhiteTeam "SK König Plauen"]
[BlackTeam "USV Halle"]
[PlyCount "63"]
[WhiteFideId "16280393"]
[BlackFideId "34617973"]
[EventCountry "GER"]
[EventRounds "7"]
[EventType "team-swiss"]
[EventDate "2024.12.26"]

1. d4 Nf6 2. c4 c5 3. d5 e6 4. Nc3 exd5 5. cxd5 d6 6. Nf3 g6 7. Nd2 Bg7 8. e4
O-O 9. Be2 Na6 10. O-O Nc7 11. a4 Rb8 12. Nc4 a6 13. Na3 b5 14. axb5 axb5 15.
Naxb5 Nxb5 16. Nxb5 Nxe4 17. f3 Rxb5 18. Bxb5 Bd4+ 19. Kh1 Nf2+ 20. Rxf2 Bxf2
21. Bh6 Qh4 22. Bxf8 Bg3 23. Qg1 Kxf8 24. Ra8 Bxh2 25. Rxc8+ Kg7 26. Qxh2 Qe1+
27. Bf1 Qxf1+ 28. Qg1 Qc4 29. g3 Qxd5 30. Kg2 Qb7 31. Re8 Qxb2+ 32. Qf2 1-0

[Event "DVM U16 2024"]
[Site "Sebnitz GER"]
[Date "2024.12.28"]
[Round "4"]
[White "Lischka, Marten"]
[Black "Akladius, Kyrillus"]
[Result "1/2-1/2"]
[Termination "normal"]
[Board "6.3"]
[WhiteElo "1747"]
[BlackElo "1659"]
[WhiteTeam "USV Halle"]
[BlackTeam "SK König Plauen"]
[PlyCount "124"]
[WhiteFideId "34603328"]
[BlackFideId "16267036"]
[EventCountry "GER"]
[EventRounds "7"]
[EventType "team-swiss"]
[EventDate "2024.12.26"]

1. e4 c5 2. Nc3 Nc6 3. Bb5 Nd4 4. Nf3 Nxb5 5. Nxb5 a6 6. Nc3 d6 7. d4 cxd4 8.
Qxd4 Bd7 9. O-O h6 10. Be3 Nf6 11. Rad1 g6 12. Nd5 Bg7 13. Nb6 Rb8 14. Qb4 O-O
15. e5 Ne8 16. exd6 Nxd6 17. Bc5 Be6 18. Bxd6 exd6 19. Rxd6 Qc7 20. Rd2 Rfd8
21. Rfd1 Rxd2 22. Rxd2 Bf8 23. Qa5 Bc5 24. Nc4 b6 25. Qc3 Bxc4 26. Kh1 Bb5 27.
Nd4 Qe5 28. Rd1 Bxd4 29. Rxd4 Re8 30. h3 Qe1+ 31. Qxe1 Rxe1+ 32. Kh2 Re2 33. c4
Be8 34. Rd8 Kf8 35. Kg3 Rxb2 36. Rb8 Ke7 37. Kf3 b5 38. a4 Rb4 39. axb5 axb5
40. cxb5 Rxb5 41. Rc8 Rf5+ 42. Ke3 Re5+ 43. Kf4 Kf6 44. Rb8 Rf5+ 45. Ke3 Bd7
46. Rb6+ Kg5 47. Rb4 Rc5 48. Rd4 Bc6 49. Rb4 h5 50. g3 Re5+ 51. Kd2 Bf3 52. Rf4
Rf5 53. Rb4 Kh6 54. Ke3 Bg2 55. h4 Bf3 56. Rb2 Bg4 57. Kd4 Rf3 58. Ke4 f5+ 59.
Ke5 f4 60. gxf4 Rh3 61. Kf6 Bf5 62. Rb8 Kh7 1/2-1/2

[Event "DVM U16 2024"]
[Site "Sebnitz GER"]
[Date "2024.12.28"]
[Round "4"]
[White "Rühmer, Nico"]
[Black "Knüpfer, Johannes"]
[Result "1/2-1/2"]
[Termination "normal"]
[Board "6.4"]
[WhiteElo "1626"]
[BlackElo "1655"]
[WhiteTeam "SK König Plauen"]
[BlackTeam "USV Halle"]
[PlyCount "93"]
[WhiteFideId "34640339"]
[BlackFideId "34605967"]
[EventCountry "GER"]
[EventRounds "7"]
[EventType "team-swiss"]
[EventDate "2024.12.26"]

1. e4 e5 2. Nf3 Nc6 3. Bc4 Bc5 4. c3 Nf6 5. d3 d6 6. h3 a6 7. Bb3 h6 8. O-O Ba7
9. Re1 g5 10. Nh2 Rg8 11. Qf3 Qe7 12. Ng4 Bxg4 13. hxg4 h5 14. gxh5 g4 15. Qf5
g3 16. Be3 gxf2+ 17. Bxf2 Bxf2+ 18. Qxf2 O-O-O 19. Rf1 Ng4 20. Qxf7 Qh4 21.
Be6+ Kb8 22. Bxg4 Rxg4 23. Rf2 Rh8 24. Kf1 Rxh5 25. Nd2 Rhg5 26. Ke2 Rxg2 27.
Raf1 Rxf2+ 28. Qxf2 Qh3 29. Rg1 Rxg1 30. Qxg1 Qh5+ 31. Nf3 Qf7 32. b3 Ne7 33.
Qg5 Ng6 34. Ke3 Nf4 35. d4 exd4+ 36. cxd4 Ne6 37. Qf5 Nd8 38. Qxf7 Nxf7 39. e5
dxe5 40. dxe5 Kc8 41. Ke4 Kd7 42. Nd4 Ke7 43. e6 Nh6 44. Nf5+ Nxf5 45. Kxf5 c5
46. Ke5 b5 47. Kd5 1/2-1/2